Japanese Words Quiz Stats

 Plays Quiz not verified by Sporcle

Challenge
Share
Tweet
Embed
Score 0/10 Timer 04:00
0 Plays Today
% Correct
Sushi
77.5%
Tsunami
29.6%
Samurai
26.4%
Anime
25%
Kimono
22.3%
Shinobi
16.8%
Nihon
15%
Typhoon
11.4%
Hello Kitty
10%
Bushido
2.3%

You're not logged in!

Compare scores with friends on all Sporcle quizzes.
OR
Log In

You Might Also Like...

Show Comments

Extras

Top Quizzes Today


Score Distribution

Your Account Isn't Verified!

In order to create a playlist on Sporcle, you need to verify the email address you used during registration. Go to your Sporcle Settings to finish the process.

Report this User

Report this user for behavior that violates our Community Guidelines.

Details: